000 01044nam a2200325 c 4500
001 PE-LiUPU
003 PE-LiUPU
005 20240509170751.0
008 181015s2018 sp | |||| 000 0 spa
015 _aMON18
017 _aM 12047-2018
_bOficina Depósito Legal Madrid
020 _a9788490521472
035 _a(OCoLC)1117415544
040 _aPE-LiUPU
_bspa
_cPE-LiUPU
_erda
080 _a316.74:001
080 _a330.341:001
082 _223
_a330
_bG6381
100 1 _aGoñi Zabala, Juan José
_4autor
_0XX1416088
245 1 0 _a100 propuestas para la posglobalización :
_bExonomía, nuevos tiempos, nuevos conceptos /
_cJuan José Goñi Zabala
246 1 3 _aCien propuestas para la posglobalización
264 _aMadrid :
_bDíaz de Santos ;
_c2018.
300 _a427 páginas :
_c22 centímetros,
500 _aIncluye apéndice documental
650 7 _aSociología del conocimiento
_2embne
650 7 _aEconomía del conocimiento
_2embne
901 _a"ISBN"
901 _aMON1811
942 _2ddc
_cBK
_n0
956 _a2
999 _c62412
_d62411
980 _618228
_aChristian Lazo Analista Documental
_818228
_gChristian Lazo Analista Documental